Casualty Quiz - Statistics

General Stats
  • This quiz has been taken 92 times
  • The average score is 8 of 22
Answer Stats
Hint Answer % Correct
What was Casualty's sister show until it ended in March 2022? Holby City
76%
Which character is the longest-running character on the show? Charlie Fairhead
71%
What is the name of Robyn Miller's daughter? Charlotte
64%
Who was stabbed by Scott Ellison back in 2017? Caleb Knight
63%
Who married Max Walker in 2015? Zoe Hanna
58%
Who was raped by Eddie McCallister back in 2018? Alicia Munroe
51%
What is the name of Stevie Nash's Sister who died in 2022? Emma
51%
Who became Clinical Lead when Connie Beauchamp left? Dylan Keogh
49%
Who was run over by Gemma Dean in a car park? Lily Chao
44%
Who is Grace Beauchamp-Strachan's dad? Sam Strachan
44%
Who married Tom Kent back in 2014? Sam Nicholls
42%
Which Paramedic nearly took their own life back in the crossover episode in 2019? Iain Dean
39%
Who stabbed Ethan in 2021? Stevie Nash
37%
Which paramedic threw away Iains kebab back in 2018 Ruby Spark
34%
Which paramedic died in a car crash/explosion back in 2014? Jeff Collier
32%
What is Charlie Fairhead's real name? Derek Thompson
24%
Which doctor was a real student doctor before coming into Casualty? William Beck
10%
What was the realease date of Casualty 6th September 1986
8%
Which 2 characters had a fight over Robyn's IVF fail? Paul and Adi
5%
What was Lev's oldest daughters name? Natalia Malinovsky
3%
Which two paramedics were killed in a crash back in 2021? Fenisha Khatri and Lev Malinovsky
2%
Why did Alicia Munroe leave back in 2019? She was offered a job in Manchester
0%
No matching quizzes found
Score Distribution
Percent of People with Each Score
Percentile by Number Answered
Your Score History
You have not taken this quiz